Water quality and hydrogeology near four wastewater-treatment facilities in Grand Teton National Park and John D. Rockefeller, Jr., Memorial Parkway, Wyoming, September 1988 through September 1997 /

Bibliographic Details
Main Author: Hedmark, Kenneth J.
Corporate Authors: United States. National Park Service, Geological Survey (U.S.)
Other Authors: Young, H. W. (Harold William), 1942-
Format: Government Document Book
Language:English
Published: Cheyenne, Wyo. : U.S. Dept. of the Interior, U.S. Geological Survey ; 1999.
Series:Water-resources investigations report ; 99-4117.
Subjects:

MARC

Tag First Indicator Second Indicator Subfields
LEADER 00000cam a2200000 a 4500
001 in00000005645
005 20150929180020.0
008 990914s1999 wyuab b f000 0 eng d
035 |a (OCoLC)42364584 
035 |9 AJK6370AM 
040 |d GPO  |d DLC  |d MvI  |d UtOrBLW 
043 |a n-us-wy 
049 |a UDOC 
074 |a 0624-B 
086 0 |a I 19.42/4:99-4117 
100 1 |a Hedmark, Kenneth J. 
245 1 0 |a Water quality and hydrogeology near four wastewater-treatment facilities in Grand Teton National Park and John D. Rockefeller, Jr., Memorial Parkway, Wyoming, September 1988 through September 1997 /  |c by Kenneth J. Hedmark and H.W. Young ; prepared in cooperation with the National Park Service. 
264 1 |a Cheyenne, Wyo. :  |b U.S. Dept. of the Interior, U.S. Geological Survey ;  |c 1999. 
264 2 |a Denver, Colo. :  |b Branch of Information Services [distributor], 
300 |a v, 78 pages :  |b illustrations, maps ;  |c 28 cm. 
336 |a text  |b txt  |2 rdacontent 
337 |a unmediated  |b n  |2 rdamedia 
338 |a volume  |b nc  |2 rdacarrier 
490 1 |a Water-resources investigations report ;  |v 99-4117 
500 |a Shipping list number: 99-0353-P. 
504 |a Includes bibliographical references (pages 64-65). 
650 0 |a Groundwater  |x Pollution  |z Wyoming  |z Grand Teton National Park Region. 
650 0 |a Hydrogeology  |z Wyoming  |z Grand Teton National Park Region. 
650 0 |a Sewage disposal plants  |x Environmental aspects  |z Wyoming  |z Grand Teton National Park Region. 
700 1 |a Young, H. W.  |q (Harold William),  |d 1942- 
710 1 |a United States.  |b National Park Service. 
710 2 |a Geological Survey (U.S.) 
830 0 |a Water-resources investigations report ;  |v 99-4117. 
999 |a MARS 
999 f f |s a9fd8304-063b-3d6f-aa56-eb2af6b6d4c1  |i 97811004-33f3-3701-aa9c-04d70b7fe3b5  |t 0 
952 f f |p normal  |a Texas A&M University  |b College Station  |c Sterling C. Evans Library  |d Evans: US Documents (Annex 5th floor)  |t 0  |e I 19.42/4:99-4117  |h Superintendent of Documents classification  |i unmediated -- volume  |m A14824289720 
998 f f |a I 19.42/4:99-4117  |t 0  |l Evans: US Documents (Annex 5th floor)